Microsoft Office Specialist Study Guide Office 2003 Edition

Gespeichert in:
Bibliographische Detailangaben
Format: Buch
Sprache:Englisch
Veröffentlicht: Washington Microsoft Press 2004
Tags: Tag hinzufügen
Keine Tags, Fügen Sie das erste Tag hinzu!

MARC

LEADER 00000nam a22000003a 4500
001 0093930
003 SK-STU
005 20220214134546.1
007 ta
008 220214s ----xo-----e------000-0-----d
020 |a 0-7356-2110-1 
040 |a STU  |b slo 
041 0 |a eng 
044 |a xxu 
245 1 0 |a Microsoft Office Specialist  |b Study Guide Office 2003 Edition 
260 |a Washington  |b Microsoft Press  |c 2004 
300 |a 771 s. 
996 |c I*10IS6795  |l I  |s A  |a 24  |w 0093930_0001